000 01045nam a2200289 i 4500
001 186570
003 SpMaBN
005 20250804044440.0
008 161128m19581972xxk |||| |deng d
080 _a929(38):1
080 _a1(38)
100 1 _aDiógenes Laercio.
_944848
245 1 0 _aLives of eminent philosophers /
_cDiogenes Laertius ; with an english translation by R.D. Hicks.
260 _aLondon :
_bWilliam Heinemann,
_c1958-1972.
300 _a2 v. ;
_c17 cm.
490 1 _aThe loeb classical library ;
_v184-185
500 _aÍndices.
505 8 _av. 1: Books I-V (XXXVII, 549 p.) - v. 2: Books VI-X (VI, 704 p.)
546 _aTexto en inglés y griego.
595 _av. 2 publ. en 1958.
650 _aFilosófos-
_zGrecia-
_xBiografías.
_9137590
650 7 _aFilosofía griega
_2embne
_912849
700 1 _aHicks, R. D.
_9137591
830 0 _aThe loeb classical library ;
_v184-185
_9189091
852 _aES-MaACL
_jL-30926-27
_z- enc. cart.
_z. - Biblioteca Jacinto Martínez Lacalle
999 _c186570
_d186570